000 00218 a2200097 4500
001 15695
100 _aDobie Ann B
245 _aComprehension and Composition
260 _a
_bMacmillan Pub.
_c
090 _c12253
_d12253
942 _aNUST-CAE
_cM
_c2507
999 _c250768
_d250768